[Event "DEM U12/U12w 2014"]
[Site "Magdeburg GER"]
[Date "2014.06.13"]
[Round "10"]
[White "Kopylov, Daniel"]
[Black "ter Stal, Sven"]
[Result "1-0"]
[Termination "normal"]
[Board "3"]
[WhiteElo "1813"]
[BlackElo "1707"]
[WhiteClock "00:31:34"]
[BlackClock "00:11:27"]
[PlyCount "95"]
[WhiteFideId "12921971"]
[BlackFideId "12946443"]
[EventCountry "GER"]
[EventRounds "11"]
[EventType "swiss"]
[EventDate "2014.06.07"]

1. d4 Nf6 2. c4 g6 3. Nc3 Bg7 4. e4 d6 5. Nf3 O-O 6. Be2 Nbd7 7. O-O e5 8. Bg5
h6 9. Bc1 Nh5 10. g3 Nhf6 11. d5 Nh7 12. Qc2 Ng5 13. Nxg5 hxg5 14. Rb1 f5 15.
b4 f4 16. Bg4 Nf6 17. Bxc8 Qxc8 18. f3 g4 19. c5 Nh5 20. Qg2 fxg3 21. hxg3 gxf3
22. Rxf3 Qg4 23. Rxf8+ Rxf8 24. Ne2 Rf3 25. Rb3 Nxg3 26. Nxg3 Rxb3 27. axb3
Qd1+ 28. Qf1 Qxb3 29. Qe1 Bf6 30. Be3 Bh4 31. Kg2 Bxg3 32. Kxg3 Qa4 33. Kf3 Kf7
34. cxd6 cxd6 35. Kg4 Qd7+ 36. Kf3 Qa4 37. Kg3 b6 38. Qc3 Kf6 39. Bd2 Qd1 40.
Qf3+ Qxf3+ 41. Kxf3 a6 42. Kg4 Kf7 43. Kg5 Kg7 44. Be3 a5 45. bxa5 bxa5 46. Bd2
a4 47. Bb4 Kf7 48. Bxd6 1-0

[Event "DEM U12/U12w 2014"]
[Site "Magdeburg GER"]
[Date "2014.06.13"]
[Round "10"]
[White "Suvorov, Alexander"]
[Black "Wierzbicki, Jirawat"]
[Result "0-1"]
[Termination "normal"]
[Board "4"]
[WhiteElo "1569"]
[BlackElo "1774"]
[WhiteClock "00:00:44"]
[BlackClock "00:05:54"]
[PlyCount "68"]
[WhiteFideId "12977063"]
[BlackFideId "1153579"]
[EventCountry "GER"]
[EventRounds "11"]
[EventType "swiss"]
[EventDate "2014.06.07"]

1. Nf3 d5 2. e3 Nf6 3. b3 g6 4. Bb2 Bg7 5. Be2 O-O 6. O-O b6 7. d4 Bb7 8. c4
Nbd7 9. Nbd2 c5 10. Rc1 Rc8 11. h3 e6 12. cxd5 Nxd5 13. Nc4 cxd4 14. exd4 Qf6
15. Ba3 Rfd8 16. Nd6 Bf8 17. Qd2 Rxc1 18. Rxc1 Nf4 19. Rc7 Nxh3+ 20. Kh2 Bxf3
21. Bxf3 Ng5 22. Bc6 Nb8 23. Ne8 Rxe8 24. Bxe8 Bxa3 25. Rxa7 Bd6+ 26. Kg1 Qf5
27. Qc1 Qg4 28. Kf1 Qxd4 29. Bb5 Bc5 30. Qe1 Ne4 31. Rb7 Ng3+ 32. Kg1 Qh4 33.
Rxb8+ Kg7 34. Qc3+ Bd4 0-1

[Event "DEM U12/U12w 2014"]
[Site "Magdeburg GER"]
[Date "2014.06.13"]
[Round "10"]
[White "Mätzkow, Maximilian Paul"]
[Black "Meyling, Lennart"]
[Result "1-0"]
[Termination "normal"]
[Board "6"]
[WhiteElo "1841"]
[BlackElo "1722"]
[WhiteClock "00:25:08"]
[BlackClock "00:08:40"]
[PlyCount "57"]
[WhiteFideId "24679933"]
[BlackFideId "12947130"]
[EventCountry "GER"]
[EventRounds "11"]
[EventType "swiss"]
[EventDate "2014.06.07"]

1. e4 c5 2. Nc3 a6 3. a4 Qa5 4. b3 b5 5. Bb2 b4 6. Nce2 Bb7 7. Ng3 d6 8. f4 Nd7
9. Nf3 Ngf6 10. e5 dxe5 11. fxe5 Nd5 12. e6 fxe6 13. Bc4 O-O-O 14. O-O N7b6 15.
Qe2 Nf4 16. Bxe6+ Nd7 17. Bxd7+ Rxd7 18. Qc4 Ng6 19. d4 Rc7 20. d5 Rd7 21. Rad1
Qb6 22. Ng5 a5 23. Rfe1 Ba6 24. Qg4 c4+ 25. Bd4 Qc7 26. Ne6 Qd6 27. Nc5 Kd8 28.
Nge4 Qc7 29. Ne6+ 1-0

[Event "DEM U12/U12w 2014"]
[Site "Magdeburg GER"]
[Date "2014.06.13"]
[Round "10"]
[White "Zimmer, Raphael"]
[Black "Holinka, Henning"]
[Result "1-0"]
[Termination "normal"]
[Board "7"]
[WhiteElo "1868"]
[BlackElo "1689"]
[PlyCount "119"]
[WhiteFideId "12978841"]
[BlackFideId "12967084"]
[EventCountry "GER"]
[EventRounds "11"]
[EventType "swiss"]
[EventDate "2014.06.07"]

1. e4 e5 2. Nf3 Nc6 3. Bc4 Nf6 4. d4 exd4 5. e5 d5 6. Bb5 Ne4 7. Nxd4 Bd7 8.
Bxc6 bxc6 9. O-O Bc5 10. f3 Ng5 11. f4 Ne4 12. Be3 Bb6 13. Nd2 Nxd2 14. Qxd2
O-O 15. Nb3 f6 16. exf6 Bxe3+ 17. Qxe3 Qxf6 18. c3 Rae8 19. Qxa7 Qd6 20. Qf2
Re4 21. g3 g5 22. Nc5 Rc4 23. Nxd7 Qxd7 24. Qd2 gxf4 25. Rxf4 Rfxf4 26. gxf4
Qg4+ 27. Qg2 Rxf4 28. a4 Qxg2+ 29. Kxg2 Rf8 30. a5 Ra8 31. Kf3 Kf7 32. b4 Ke6
33. Rg1 Kf6 34. Ke3 c5 35. Rg2 c6 36. Ra2 cxb4 37. cxb4 Ke5 38. Kd3 Ra7 39.
Re2+ Kd6 40. Kd4 Rb7 41. Rb2 h5 42. Kc3 h4 43. Rg2 Rh7 44. Rg6+ Kd7 45. Kd4 h3
46. Kc5 Rh4 47. Rd6+ Kc7 48. Rxc6+ Kb7 49. Rd6 Rc4+ 50. Kb5 Rc2 51. Rxd5 Rxh2
52. Rh5 Rf2 53. Rh7+ Kb8 54. Rxh3 Rf5+ 55. Ka4 Rf7 56. a6 Rf1 57. Rh7 Ka8 58.
b5 Ra1+ 59. Kb4 Rb1+ 60. Ka5 1-0

[Event "DEM U12/U12w 2014"]
[Site "Magdeburg GER"]
[Date "2014.06.13"]
[Round "10"]
[White "Stork, Oliver"]
[Black "Preißler, Niklas"]
[Result "0-1"]
[Termination "normal"]
[Board "8"]
[WhiteElo "1629"]
[BlackElo "1812"]
[PlyCount "108"]
[WhiteFideId "12955728"]
[BlackFideId "12927554"]
[EventCountry "GER"]
[EventRounds "11"]
[EventType "swiss"]
[EventDate "2014.06.07"]

1. c4 b6 2. Nc3 e6 3. d4 Bb4 4. Qc2 Nf6 5. Bg5 h6 6. Bd2 Bb7 7. e3 O-O 8. Nf3
d5 9. a3 Bxc3 10. Bxc3 Nbd7 11. Bd3 c5 12. O-O Rc8 13. Qe2 Qe7 14. Rac1 Rfd8
15. b4 cxd4 16. exd4 dxc4 17. Bxc4 Nd5 18. Bd2 N7f6 19. Ba6 Rb8 20. Bxb7 Qxb7
21. Ne5 Rbc8 22. b5 Ne7 23. Qd3 Nfd5 24. Qg3 Nf5 25. Qd3 Nde7 26. Rxc8 Rxc8 27.
Rc1 Rxc1+ 28. Bxc1 Qd5 29. Bb2 Qa2 30. Nc4 Nd5 31. g3 Nc7 32. g4 Ne7 33. Qc3
Ned5 34. Qd3 Nxb5 35. Bc1 Qa1 36. Qd2 Qxd4 37. Qxd4 Nxd4 38. Bb2 Nb3 39. Kf1 g6
40. Ke2 Nc5 41. Ne5 Kf8 42. Bd4 Ke8 43. Nc6 a6 44. Nb8 a5 45. Nc6 Nb7 46. Kd3
f6 47. Na7 Nd6 48. a4 Kd7 49. f3 Kc7 50. h3 e5 51. Bf2 Nf4+ 52. Ke3 Nxh3 53.
Bg3 h5 54. gxh5 Nf5+ 0-1

[Event "DEM U12/U12w 2014"]
[Site "Magdeburg GER"]
[Date "2014.06.13"]
[Round "10"]
[White "Suvorov, Luca"]
[Black "Oganessjan, Artur"]
[Result "1-0"]
[Termination "normal"]
[Board "9"]
[WhiteElo "1599"]
[BlackElo "1761"]
[PlyCount "111"]
[WhiteFideId "12977071"]
[BlackFideId "12986062"]
[EventCountry "GER"]
[EventRounds "11"]
[EventType "swiss"]
[EventDate "2014.06.07"]

1. Nf3 d6 2. d4 Nf6 3. c4 g6 4. Nc3 Bg7 5. e4 O-O 6. Be2 Nbd7 7. O-O c5 8. d5
a6 9. h3 Qc7 10. Bf4 b6 11. Re1 Bb7 12. Bf1 Ne8 13. Qe2 Ne5 14. Nxe5 dxe5 15.
Be3 Nd6 16. Qc2 Rac8 17. Rac1 f5 18. f3 f4 19. Bf2 g5 20. Na4 Ba8 21. a3 a5 22.
b4 Qa7 23. Rb1 h5 24. Nxb6 Qxb6 25. bxc5 Qc7 26. cxd6 exd6 27. Bb6 Qd7 28. Bxa5
g4 29. Kh2 Rf6 30. Be2 Rh6 31. Rg1 Bf6 32. Qd1 g3+ 33. Kh1 Qg7 34. Qb3 Rh8 35.
Rgc1 Kh7 36. Bb4 Qd7 37. c5 dxc5 38. Rxc5 Rxc5 39. Bxc5 Rc8 40. Bb4 Qc7 41. d6
Qd7 42. Ba6 Rb8 43. Bc4 Bc6 44. Be6 Qb7 45. Bd5 Qb6 46. Bxc6 Qxc6 47. Qf7+ Bg7
48. Qc7 Qb5 49. d7 Qd3 50. Rc1 Qe3 51. Re1 Rxb4 52. Rd1 Rb2 53. d8=Q Qf2 54.
Qxg7+ Kxg7 55. Qe7+ Kg6 56. Rd6# 1-0

[Event "DEM U12/U12w 2014"]
[Site "Magdeburg GER"]
[Date "2014.06.13"]
[Round "10"]
[White "Pfreundt, Mathis"]
[Black "Graf, Justus Felix"]
[Result "1-0"]
[Termination "normal"]
[Board "10"]
[WhiteElo "1667"]
[BlackElo "1513"]
[PlyCount "121"]
[WhiteFideId "12967092"]
[BlackFideId "12929212"]
[EventCountry "GER"]
[EventRounds "11"]
[EventType "swiss"]
[EventDate "2014.06.07"]

1. d4 d5 2. c4 c6 3. cxd5 cxd5 4. Nc3 Nc6 5. e4 Nf6 6. e5 Ne4 7. f3 Nxc3 8.
bxc3 Bf5 9. Bd3 Bxd3 10. Qxd3 e6 11. f4 Qh4+ 12. g3 Qh5 13. a4 Qg6 14. Qxg6
hxg6 15. Nf3 Na5 16. Nd2 Be7 17. O-O Kd7 18. Rb1 b6 19. Ra1 Rac8 20. Rf3 Rc7
21. Bb2 Rhc8 22. g4 Nc6 23. Rb1 Rb8 24. Ba1 Na5 25. Rf2 a6 26. Rff1 Kc8 27.
Rfc1 Nc4 28. Nxc4 Rxc4 29. a5 b5 30. Bb2 Rb7 31. Kf2 Rbc7 32. Ke2 Ra4 33. Ra1
Rcc4 34. Rxa4 Rxa4 35. Ra1 Rxa1 36. Bxa1 Bd8 37. Bb2 Bxa5 38. Kd3 Kd7 39. Ba3
Ke8 40. Kc2 Bd8 41. Kb3 Be7 42. Bxe7 Kxe7 43. Kb4 f6 44. Ka5 g5 45. f5 Kf7 46.
fxe6+ Kxe6 47. exf6 gxf6 48. Kxa6 f5 49. gxf5+ Kxf5 50. Kxb5 Kg4 51. c4 dxc4
52. Kxc4 Kh3 53. d5 g4 54. d6 Kxh2 55. d7 g3 56. d8=Q g2 57. Qh4+ Kg1 58. Qg3
Kh1 59. Qh3+ Kg1 60. Kd3 Kf1 61. Qe3 1-0

[Event "DEM U12/U12w 2014"]
[Site "Magdeburg GER"]
[Date "2014.06.13"]
[Round "10"]
[White "Bui, Hai Lam"]
[Black "Dietz, Florian"]
[Result "0-1"]
[Termination "normal"]
[Board "11"]
[WhiteElo "1674"]
[BlackElo "1860"]
[PlyCount "88"]
[WhiteFideId "12975737"]
[BlackFideId "12939897"]
[EventCountry "GER"]
[EventRounds "11"]
[EventType "swiss"]
[EventDate "2014.06.07"]

1. e4 c5 2. Nf3 d6 3. d4 cxd4 4. Nxd4 Nf6 5. Nc3 g6 6. Be3 Bg7 7. f3 O-O 8. Qd2
Nc6 9. Bc4 Bd7 10. O-O-O Rc8 11. Bb3 Ne5 12. h4 Nc4 13. Bxc4 Rxc4 14. h5 Qc7
15. Bh6 Rxd4 16. Qxd4 Bxh6+ 17. Kb1 g5 18. Qxa7 Rc8 19. a3 Bg7 20. Qe3 h6 21.
g4 Be6 22. Qd2 Qb6 23. Na4 Qc6 24. Nc3 Ra8 25. Nd5 Bxd5 26. exd5 Qa6 27. Rhe1
Nd7 28. c3 Ne5 29. Qg2 Qb6 30. Rd4 Qb3 31. f4 Nc4 32. Rxc4 Qxc4 33. fxg5 hxg5
34. Rxe7 Qd3+ 35. Ka2 b5 36. Re2 Be5 37. Rd2 Qc4+ 38. Ka1 b4 39. cxb4 Rxa3+ 40.
Kb1 Qa2+ 41. Kc1 Qa1+ 42. Kc2 Qxb2+ 43. Kd1 Ra1+ 44. Ke2 Qxd2+ 0-1

[Event "DEM U12/U12w 2014"]
[Site "Magdeburg GER"]
[Date "2014.06.13"]
[Round "10"]
[White "Mix, Clemens"]
[Black "Schallner, Marc"]
[Result "1-0"]
[Termination "normal"]
[Board "12"]
[WhiteElo "1474"]
[BlackElo "1668"]
[PlyCount "63"]
[WhiteFideId "12987921"]
[BlackFideId "12971243"]
[EventCountry "GER"]
[EventRounds "11"]
[EventType "swiss"]
[EventDate "2014.06.07"]

1. e4 e5 2. Nc3 Nf6 3. f4 d5 4. fxe5 Nxe4 5. Nf3 Bc5 6. d4 Bb4 7. Bd2 Bg4 8.
Bd3 Nxd2 9. Qxd2 Bxf3 10. gxf3 Qh4+ 11. Qf2 Qxf2+ 12. Kxf2 c6 13. Rhg1 O-O 14.
Ne2 Nd7 15. c3 Ba5 16. Ke3 Bb6 17. f4 Rfe8 18. Kd2 Bc7 19. Rg3 Kh8 20. Rag1 g6
21. Rh3 Nf8 22. f5 Kg7 23. Nf4 b5 24. Nh5+ Kg8 25. Nf6+ Kg7 26. Nxe8+ Rxe8 27.
Rhg3 a5 28. h4 h5 29. fxg6 fxg6 30. Bxg6 Nxg6 31. Rxg6+ Kf8 32. Rg8+ 1-0

[Event "DEM U12/U12w 2014"]
[Site "Magdeburg GER"]
[Date "2014.06.13"]
[Round "10"]
[White "Schneider, Jana"]
[Black "Roho, Kevin"]
[Result "1-0"]
[Termination "normal"]
[Board "13"]
[WhiteElo "1824"]
[BlackElo "1643"]
[PlyCount "123"]
[WhiteFideId "12924997"]
[BlackFideId "12973734"]
[EventCountry "GER"]
[EventRounds "11"]
[EventType "swiss"]
[EventDate "2014.06.07"]

1. e4 d5 2. exd5 Nf6 3. d4 Nxd5 4. Nf3 g6 5. c4 Nb6 6. h3 Bg7 7. Nc3 O-O 8. Be3
Nc6 9. Qd2 e5 10. d5 Na5 11. b3 e4 12. Ng5 f5 13. O-O-O h6 14. Ne6 Bxe6 15.
dxe6 Qxd2+ 16. Bxd2 Nc6 17. c5 Nc8 18. Nd5 N8e7 19. Nxc7 Rac8 20. Nb5 Nd4 21.
Nxd4 Bxd4 22. Bxh6 Rfd8 23. b4 Bxf2 24. Bc4 Bd4 25. g4 b6 26. gxf5 gxf5 27. Bg5
Kf8 28. Rhf1 bxc5 29. b5 Re8 30. Rd2 Kg7 31. Rg2 Bf6 32. Bf4+ Kh7 33. Bd6 Rf8
34. Rc2 Bg5+ 35. Kb1 f4 36. Rg2 Rg8 37. Bxf4 Bxf4 38. Rxg8 Kxg8 39. Rxf4 e3 40.
Re4 Rd8 41. Rxe3 Rd4 42. Rc3 Nd5 43. e7 Kf7 44. Bxd5+ Rxd5 45. Re3 Ke8 46. Kc2
Rd4 47. Re5 Ra4 48. Rxc5 Rxa2+ 49. Kb3 Rh2 50. Rc7 Rxh3+ 51. Kb4 Rh1 52. Rxa7
Rb1+ 53. Ka5 Ra1+ 54. Kb6 Rd1 55. Rc7 Re1 56. Ka7 Ra1+ 57. Kb7 Rb1 58. b6 Rb2
59. Ka7 Ra2+ 60. Kb8 Rb2 61. b7 Rb1 62. Kc8 1-0

[Event "DEM U12/U12w 2014"]
[Site "Magdeburg GER"]
[Date "2014.06.13"]
[Round "10"]
[White "Huber, Benedikt"]
[Black "Wong, Gengchun"]
[Result "0-1"]
[Termination "normal"]
[Board "14"]
[WhiteElo "1719"]
[BlackElo "1857"]
[PlyCount "100"]
[WhiteFideId "12923583"]
[BlackFideId "12963283"]
[EventCountry "GER"]
[EventRounds "11"]
[EventType "swiss"]
[EventDate "2014.06.07"]

1. d4 Nf6 2. Nc3 d5 3. Bf4 Bf5 4. e3 e6 5. Bd3 Bxd3 6. cxd3 c6 7. Nf3 Nbd7 8.
Qb3 Qb6 9. Qxb6 axb6 10. O-O Nh5 11. Be5 Be7 12. h3 Nxe5 13. dxe5 g6 14. g4 Ng7
15. e4 Kd7 16. Rfd1 Ra6 17. Rab1 Bb4 18. a3 Be7 19. Ne2 h6 20. Ne1 f5 21. Nf4
g5 22. Ng6 Rg8 23. gxf5 exf5 24. exd5 cxd5 25. Nxe7 Kxe7 26. Rbc1 Ne6 27. Nc2
d4 28. Nb4 Ra5 29. Rc4 Rxe5 30. Nc2 Rd8 31. Kf1 b5 32. Rb4 Rc5 33. Rd2 Nf4 34.
f3 Rcd5 35. a4 bxa4 36. Rxb7+ R8d7 37. Rb4 Nxh3 38. Rxa4 Nf4 39. b4 h5 40. Na3
Rc7 41. b5 Rc1+ 42. Kf2 h4 43. Rc4 Ra1 44. Nc2 Rh1 45. b6 Rh2+ 46. Ke1 Re5+ 47.
Kd1 Rh1+ 48. Ne1 Rexe1+ 49. Kc2 Rc1+ 50. Kb2 Rb1+ 0-1

[Event "DEM U12/U12w 2014"]
[Site "Magdeburg GER"]
[Date "2014.06.13"]
[Round "10"]
[White "Pölt, Christoph"]
[Black "Baltic, Fatih"]
[Result "0-1"]
[Termination "normal"]
[Board "15"]
[WhiteElo "1741"]
[BlackElo "1870"]
[PlyCount "110"]
[WhiteFideId "12960853"]
[BlackFideId "12979090"]
[EventCountry "GER"]
[EventRounds "11"]
[EventType "swiss"]
[EventDate "2014.06.07"]

1. d4 Nf6 2. c4 c5 3. d5 b5 4. cxb5 a6 5. Nc3 axb5 6. e4 Qa5 7. e5 Ne4 8. Bd2
Nxd2 9. Qxd2 b4 10. Nb5 Ba6 11. a4 Bxb5 12. Bxb5 Qb6 13. Qd3 g6 14. Nf3 Bg7 15.
O-O O-O 16. b3 d6 17. exd6 Qxd6 18. Rac1 Na6 19. Rc2 Nc7 20. Bc4 Rfd8 21. Rd1
Bc3 22. Re2 Ra7 23. Rxe7 Qxe7 24. d6 Qd7 25. dxc7 Rxc7 26. Qxd7 Rcxd7 27. Rxd7
Rxd7 28. Kf1 h6 29. a5 Re7 30. a6 Kf8 31. Bb5 Ra7 32. Ke2 Ke7 33. Nd2 Bxd2 34.
Kxd2 Kd6 35. Kd3 Kc7 36. g3 Kb6 37. Bc4 f6 38. g4 Rd7+ 39. Ke3 Rd1 40. h4 Rh1
41. g5 fxg5 42. hxg5 hxg5 43. f3 Ra1 44. Bd3 Re1+ 45. Kf2 Ra1 46. Bxg6 Kxa6 47.
Kg3 Kb6 48. Kg4 Rg1+ 49. Kf5 Kc6 50. Bf7 Kd6 51. Bc4 Rc1 52. Ke4 Rxc4+ 53. bxc4
Ke6 54. Kd3 Ke5 55. Ke3 Kf5 0-1

[Event "DEM U12/U12w 2014"]
[Site "Magdeburg GER"]
[Date "2014.06.13"]
[Round "10"]
[White "Santos, Leonardo"]
[Black "Schulze, Lara"]
[Result "0-1"]
[Termination "normal"]
[Board "16"]
[WhiteElo "1451"]
[BlackElo "1774"]
[PlyCount "118"]
[WhiteFideId "12965049"]
[BlackFideId "12956830"]
[EventCountry "GER"]
[EventRounds "11"]
[EventType "swiss"]
[EventDate "2014.06.07"]

1. e4 c5 2. Nc3 Nc6 3. Bb5 Nd4 4. Bc4 g6 5. Nge2 Bg7 6. d3 a6 7. a4 e6 8. O-O
Ne7 9. Kh1 O-O 10. f4 d5 11. Ba2 Nxe2 12. Nxe2 b5 13. Ng3 dxe4 14. dxe4 Kh8 15.
e5 Bb7 16. Be3 Qc7 17. Qe2 c4 18. c3 Nf5 19. Nxf5 exf5 20. a5 f6 21. Bb6 Qe7
22. Qf2 Qf7 23. exf6 Bxf6 24. Rad1 Be4 25. Bb1 Bxb1 26. Rxb1 Bd8 27. Rbd1 Bxb6
28. Qxb6 Rfe8 29. Qc6 Qe6 30. Qb6 Qxb6 31. axb6 Re6 32. b7 Rb8 33. Rd7 Rb6 34.
Re1 R6xb7 35. Rd6 Rb6 36. Rd7 R6b7 37. Rd6 Ra7 38. Kg1 b4 39. Rd4 bxc3 40. bxc3
Rc8 41. Ra1 a5 42. Ra4 Rc5 43. Rdxc4 Rxc4 44. Rxc4 a4 45. Rb4 a3 46. Rb1 Kg7
47. Ra1 Kf7 48. Kf2 Ke6 49. Ke3 Kd5 50. Kd3 Ra4 51. g3 a2 52. Kc2 Kc4 53. Kb2
Ra7 54. Kc2 Ra8 55. Kb2 Re8 56. Rh1 Re2+ 57. Ka1 Kxc3 58. Rc1+ Rc2 59. Rh1 Kd2
0-1

[Event "DEM U12/U12w 2014"]
[Site "Magdeburg GER"]
[Date "2014.06.13"]
[Round "10"]
[White "Staufenberger, Philipp"]
[Black "Collin, Alexander"]
[Result "1/2-1/2"]
[Termination "normal"]
[Board "17"]
[WhiteElo "1620"]
[BlackElo "1590"]
[PlyCount "78"]
[WhiteFideId "12970883"]
[BlackFideId "12946745"]
[EventCountry "GER"]
[EventRounds "11"]
[EventType "swiss"]
[EventDate "2014.06.07"]

1. d4 g6 2. e4 Bg7 3. Nf3 d6 4. Be3 Nc6 5. Qd2 e5 6. d5 Nce7 7. Nc3 f5 8. g3
Nf6 9. Bd3 a6 10. Bh6 O-O 11. Bxg7 Kxg7 12. h4 fxe4 13. Nxe4 Nexd5 14. h5 Nxh5
15. Be2 Ndf6 16. Nc3 b6 17. O-O-O Bb7 18. Qg5 Ne4 19. Nxe4 Bxe4 20. Rxh5 Qxg5+
21. Nxg5 gxh5 22. Nxe4 Rf5 23. Rd3 h4 24. Bg4 Rf7 25. gxh4 Rf4 26. f3 h5 27.
Bxh5 Rxh4 28. Bg4 Rh1+ 29. Kd2 Rah8 30. Kc3 R8h2 31. Rd2 Rxd2 32. Kxd2 Rh2+ 33.
Kc3 Kg6 34. Kb3 Rh8 35. c4 Rd8 36. Be6 Rf8 37. Bg4 Rd8 38. Be6 Rf8 39. Bg4 Rd8
1/2-1/2

[Event "DEM U12/U12w 2014"]
[Site "Magdeburg GER"]
[Date "2014.06.13"]
[Round "10"]
[White "Rößler, Lukas Namgyu"]
[Black "Wagner, Benjamin"]
[Result "1-0"]
[Termination "normal"]
[Board "18"]
[WhiteElo "1662"]
[BlackElo "1634"]
[PlyCount "105"]
[WhiteFideId "12938718"]
[BlackFideId "12957330"]
[EventCountry "GER"]
[EventRounds "11"]
[EventType "swiss"]
[EventDate "2014.06.07"]

1. e4 e5 2. Nf3 Nc6 3. Bb5 a6 4. Ba4 Nf6 5. O-O Be7 6. Re1 b5 7. Bb3 d6 8. c3
O-O 9. d4 Bg4 10. Be3 exd4 11. cxd4 Na5 12. Bc2 Nc4 13. Bc1 c5 14. b3 Nb6 15.
Nbd2 Nfd7 16. h3 Bxf3 17. Nxf3 Rc8 18. Bb2 cxd4 19. Nxd4 Nc5 20. Qd2 Nbd7 21.
Nf5 Ne6 22. Nxe7+ Qxe7 23. Rad1 Rfd8 24. Bb1 Ndc5 25. Re3 g6 26. Qc3 f6 27.
Qxf6 Qxf6 28. Bxf6 Rd7 29. Rc3 Rf8 30. Bh4 Nf4 31. Rxc5 Rff7 32. Rc8+ Kg7 33.
Kf1 Ne6 34. Bg3 Nc5 35. Rxd6 Rxd6 36. Bxd6 Nb7 37. e5 Kh6 38. Be4 Nxd6 39. exd6
Rd7 40. Rc6 a5 41. Bf3 a4 42. Bg4 Rd8 43. d7 axb3 44. axb3 b4 45. Rc8 Rxd7 46.
Bxd7 g5 47. Rc4 Kg6 48. g4 Kf6 49. Ke2 h5 50. Ke3 Ke7 51. Rc6 Kxd7 52. Rh6 Ke7
53. Ke4 1-0

[Event "DEM U12/U12w 2014"]
[Site "Magdeburg GER"]
[Date "2014.06.13"]
[Round "10"]
[White "Wachtel, Arthur"]
[Black "Mönster, Madita"]
[Result "0-1"]
[Termination "normal"]
[Board "19"]
[WhiteElo "1539"]
[BlackElo "1637"]
[PlyCount "68"]
[WhiteFideId "12988510"]
[BlackFideId "12947156"]
[EventCountry "GER"]
[EventRounds "11"]
[EventType "swiss"]
[EventDate "2014.06.07"]

1. e4 c5 2. Nf3 d6 3. Bb5+ Nc6 4. Bxc6+ bxc6 5. O-O Bg4 6. h3 Bh5 7. Nc3 e5 8.
d3 Be7 9. Qe2 Nf6 10. Qe3 O-O 11. Nh4 Ne8 12. Nf5 Nc7 13. Nxe7+ Qxe7 14. f4
exf4 15. Qxf4 Ne6 16. Qf2 Rab8 17. Ne2 Bxe2 18. Qxe2 Rfe8 19. b3 Nd4 20. Qd2
Qe5 21. Bb2 Ne2+ 22. Qxe2 Qxb2 23. Qf2 f6 24. Rfb1 Qc3 25. Qe1 Qxc2 26. Qf1 Qc3
27. Rc1 Qd4+ 28. Kh1 d5 29. exd5 cxd5 30. Qg1 Re3 31. Rc2 Qxd3 32. Rxc5 Qe4 33.
Rxd5 Rxh3+ 34. Qh2 Rxh2+ 0-1

[Event "DEM U12/U12w 2014"]
[Site "Magdeburg GER"]
[Date "2014.06.13"]
[Round "10"]
[White "Fesselier, Chelsea"]
[Black "Mütsch, Annmarie"]
[Result "1-0"]
[Termination "normal"]
[Board "20"]
[WhiteElo "1454"]
[BlackElo "1648"]
[PlyCount "45"]
[WhiteFideId "26024624"]
[BlackFideId "12971367"]
[EventCountry "GER"]
[EventRounds "11"]
[EventType "swiss"]
[EventDate "2014.06.07"]

1. e4 e5 2. Nf3 Nc6 3. Nc3 Nf6 4. d4 exd4 5. Nxd4 Nxd4 6. Qxd4 d6 7. Bg5 Be7 8.
f4 Be6 9. O-O-O h6 10. Bh4 Bg4 11. Re1 c5 12. Qd3 Be6 13. Qb5+ Qd7 14. f5 a6
15. fxe6 Qxb5 16. Nxb5 axb5 17. Bxb5+ Kf8 18. exf7 Kxf7 19. Bc4+ Ke8 20. e5
dxe5 21. Rxe5 Kd7 22. Rd1+ Ke8 23. Rde1 1-0

[Event "DEM U12/U12w 2014"]
[Site "Magdeburg GER"]
[Date "2014.06.13"]
[Round "10"]
[White "Yankelevich, Michael"]
[Black "Bui, Ngoc Han Julia"]
[Result "1/2-1/2"]
[Termination "normal"]
[Board "21"]
[WhiteElo "1696"]
[BlackElo "1446"]
[PlyCount "64"]
[WhiteFideId "12921440"]
[BlackFideId "12977055"]
[EventCountry "GER"]
[EventRounds "11"]
[EventType "swiss"]
[EventDate "2014.06.07"]

1. e4 c5 2. Ne2 d6 3. g3 Nf6 4. Bg2 g6 5. O-O Bg7 6. c3 O-O 7. d4 cxd4 8. cxd4
e6 9. h3 Nc6 10. Be3 Bd7 11. Nbc3 Rc8 12. Qd2 Qe7 13. Rfd1 Rfd8 14. Rac1 Be8
15. b3 a6 16. Na4 Nd7 17. f4 f5 18. d5 exd5 19. Qxd5+ Bf7 20. Qxd6 Qe8 21. Qd2
Nf6 22. Qe1 Nxe4 23. Nb6 Rxd1 24. Rxd1 Rd8 25. Rxd8 Qxd8 26. Bxe4 fxe4 27. Kg2
Qe7 28. Qd2 Be6 29. Na4 Bf7 30. Nc5 a5 31. Nc3 Nb4 32. N3xe4 Bd5 1/2-1/2

[Event "DEM U12/U12w 2014"]
[Site "Magdeburg GER"]
[Date "2014.06.13"]
[Round "10"]
[White "Jahn, Felix"]
[Black "Mantel, Ruben"]
[Result "0-1"]
[Termination "normal"]
[Board "22"]
[WhiteElo "1517"]
[BlackElo "1645"]
[PlyCount "64"]
[WhiteFideId "12983632"]
[BlackFideId "12930121"]
[EventCountry "GER"]
[EventRounds "11"]
[EventType "swiss"]
[EventDate "2014.06.07"]

1. e4 c5 2. Nf3 e6 3. d4 cxd4 4. Nxd4 Nf6 5. Bd3 d6 6. O-O a6 7. f4 Nbd7 8. Bd2
Qc7 9. Nc3 b5 10. Qf3 Bb7 11. Qh3 Nc5 12. Rfe1 b4 13. Nd1 Ncxe4 14. Bxb4 Qb6
15. Bc3 e5 16. fxe5 dxe5 17. Rb1 Bc5 18. Kh1 Bxd4 19. Bxd4 Qxd4 20. Bxe4 Nxe4
21. c3 Qxd1 22. Rbxd1 Nf2+ 23. Kg1 Nxh3+ 24. gxh3 f6 25. b3 Ke7 26. c4 Rhd8 27.
Rc1 Rd2 28. a3 Rad8 29. b4 Rg2+ 30. Kf1 Rdd2 31. Red1 Rdf2+ 32. Ke1 Rxh2 0-1

[Event "DEM U12/U12w 2014"]
[Site "Magdeburg GER"]
[Date "2014.06.13"]
[Round "10"]
[White "Könze, Heike"]
[Black "Hoffmann, Lennard"]
[Result "0-1"]
[Termination "normal"]
[Board "23"]
[WhiteElo "1503"]
[BlackElo "1801"]
[PlyCount "60"]
[WhiteFideId "12964476"]
[BlackFideId "12943495"]
[EventCountry "GER"]
[EventRounds "11"]
[EventType "swiss"]
[EventDate "2014.06.07"]

1. e4 c5 2. Nf3 d6 3. d4 cxd4 4. Nxd4 Nf6 5. Nc3 g6 6. Be3 Bg7 7. Be2 O-O 8.
Qd2 Nc6 9. h4 Bd7 10. O-O-O a5 11. h5 Re8 12. Bh6 Nxd4 13. Bxg7 Nxe2+ 14. Nxe2
Kxg7 15. h6+ Kg8 16. Nc3 b5 17. Qd3 Bc6 18. f3 b4 19. Nb1 a4 20. Rhg1 Qa5 21.
Rd2 Rec8 22. g4 Bb5 23. Qd4 b3 24. axb3 axb3 25. c3 Qa7 26. Qxa7 Rxa7 27. Rgd1
Nd7 28. Na3 Ne5 29. Kb1 Rca8 30. Rf2 Nc4 0-1

[Event "DEM U12/U12w 2014"]
[Site "Magdeburg GER"]
[Date "2014.06.13"]
[Round "10"]
[White "Lieberwirth, Kasimir"]
[Black "Ning, Felix"]
[Result "1-0"]
[Termination "normal"]
[Board "25"]
[WhiteElo "1628"]
[BlackElo "1491"]
[PlyCount "37"]
[WhiteFideId "12988146"]
[BlackFideId "12988553"]
[EventCountry "GER"]
[EventRounds "11"]
[EventType "swiss"]
[EventDate "2014.06.07"]

1. e4 c5 2. Nc3 Nc6 3. Bb5 g6 4. Bxc6 bxc6 5. d3 Bg7 6. f4 e6 7. Nf3 d5 8. e5
Ne7 9. O-O O-O 10. Nh4 Ba6 11. Bd2 c4 12. d4 Qb6 13. Bc1 g5 14. fxg5 Bxe5 15.
Be3 Qxb2 16. Na4 Qb5 17. Nc5 Bd6 18. Nd7 Ng6 19. Nf6+ 1-0